00356 a2200145 4500003000400000005001700004008004100021040000900062082002000071100001600091245004400107250001200151260003700163300001000200OSt20231208104620.0231207b |||||||| |||| 00| 0 eng d coclc a894.8121bVEE/T aVeerankutty aThottuthottu Natakkumpol /cVeerankutty a5th ed. aKozhikode:bsmallletters,c2021. a146p.